000 00519cam a2200205ua 4500
001 8043
005 20260515114303.0
008 150105n ii |||gr||||Z||||||hin
040 _cMAIN
041 _ahin
082 _a920
100 _aGamvirananda, S.,
_eAuthor.
245 1 _aYuknayak Vivekananda :
_bVol II /
_cBy Swami Gamvirananda .
250 _a1st.
260 _aNagpur:
_bRadhakrishna,
_c1966.
300 _a312p.
653 _aBiography, genealogy & insignia
653 _aHindi biography
942 _cBK
999 _c7155
_d7155